alg: 42867188
001A    $03004:23-04-18 
001B    $01999:23-04-18 $t22:40:03.000 
001C    $03004:23-04-18 $t10:07:59.000 
001D    $03004:23-04-18 
001U    $0utf8 
001X    $00 
002@    $0Aau 
002C    $aText $btxt $2rdacontent 
002D    $aohne Hilfsmittel zu benutzen $bn $2rdamedia 
002E    $aBand $bnc $2rdacarrier 
003@    $0428671888 
003O    $01031979830 $aOCoLC 
007A    $0428671888 $aHEB 
010@    $ager 
010E    $erda 
011@    $a2009 $n[2009] 
021A    $aJosef Hoffmann 
028C    $BHerausgeber $4edt $7135992710 $8Straková, Martina$Z1978- [Tp3] $9202782743 
028C    $BHerausgeber $4edt $7 $8Magar, Bernd [Tnd] $9187006601 
028C    $BIllustrator $4ill $7 $8Malovec, S̆tépan [Tn3] $9428671683 
029F    $BHerausgebendes Organ $#Moravská galerie $#Moravian Gallery $#Moravian Gallery in Brno $#Moravskaja galereja $#Galerie Morave $#Galerie de Moravie $#MG $#Mährische Galerie $#Moravskaja galereja v g. Brno $#Galerie morave de Brno $#Galerie de Moravie à Brno $#Moravská galerie v Brnĕ $#MG Moravská galerie v Brnĕ $4isb $71031413-1 $8Moravská galerie v Brně [Tb1] $9042067502 
029F    $BHerausgebendes Organ $RMAK - Österreichisches Museum für Angewandte Kunst $#MAK - Austrian Museum of Applied Arts / Contemporary Art $#Österreichisches Museum für Angewandte Kunst / Gegenwartskunst $#Austrian Museum of Applied Arts / Contemporary Art $#Museum für Angewandte Kunst / Gegenwartskunst $#Museum of Applied Arts / Contemporary Art $#MAK 2005- $#MAK Wien $#MAK Vienna $#MAK $#MAK - Museum für Angewandte Kunst $#MAK - Österreichisches Museum für Angewandte Kunst/Gegenwartskunst $4isb $710174144-3 $8MAK - Österreichisches Museum für Angewandte Kunst / Gegenwartskunst [Tb1] $9188635793 
033A    $pBrno $nMährische Galerie 
033A    $pWien $nMAK 
044K    $RPrimavesi, Otto $#Hoffmann, Josef Franz Maria $#Hofmann, Josef $711855252X $8Hoffmann, Josef$Z1870-1956 [Tp1] $9086893556 

lok: 42867188 24

exp: 42867188 24 1 #EPN
201B/01 $003-05-18 $t10:16:26.000 
201C/01 $023-04-18 
201U/01 $0utf8 
203@/01 $01021363456 
208@/01 $a03-05-18 $bz 
209A/01 $aS 32991 $du $f050 $hS 32991 $x00 
209C/01 $a18.03022 G $h18 03022 G 
209G/01 $a74081487 $x00 
220C/01 $ahae 
247C/01 $8358050-7 Marburg, Bibliothek des Herder-Instituts Marburg $9102600961
LEADER 00000cam a2200000 c 4500
001 428671888
003 DE-603
005 20180423224003.0
007 tu
008 180423s2009 xx |||| | u00||u|ger c
035 |a (DE-599)HEB428671888 
035 |a (OCoLC)1031979830 
040 |a DE-603  |b ger  |c DE-603  |d DE-603  |e rda 
041 |a ger 
245 0 0 |a Josef Hoffmann 
264 1 |a Brno  |b Mährische Galerie  |c [2009] 
264 1 |a Wien  |b MAK  |c [2009] 
336 |a Text  |b txt  |2 rdacontent 
337 |a ohne Hilfsmittel zu benutzen  |b n  |2 rdamedia 
338 |a Band  |b nc  |2 rdacarrier 
600 1 7 |a Hoffmann, Josef  |d 1870-1956  |0 (DE-588)11855252X  |0 (DE-603)086893556  |2 gnd 
700 1 |a Straková, Martina  |d 1978-  |e Herausgeber  |4 edt  |0 (DE-603)202782743  |0 (DE-588)135992710  |2 gnd 
700 1 |a Magar, Bernd  |e Herausgeber  |4 edt  |0 (DE-603)187006601 
700 1 |a Malovec, S̆tépan  |e Illustrator  |4 ill  |0 (DE-603)428671683 
710 2 |a Moravská galerie v Brně  |e Herausgebendes Organ  |4 isb  |0 (DE-603)042067502  |0 (DE-588)1031413-1  |2 gnd 
710 2 |a MAK - Österreichisches Museum für Angewandte Kunst / Gegenwartskunst  |e Herausgebendes Organ  |4 isb  |0 (DE-603)188635793  |0 (DE-588)10174144-3  |2 gnd 
924 0 |9 Mb 50  |a (DE-603)1021363456  |b DE-Mb50  |c HES  |d c  |g S 32991